| 000 | 00367nam a22001337a 4500 | ||
|---|---|---|---|
| 020 | _a0070605955 | ||
| 082 |
_222 _a620.1054 |
||
| 100 | _aShelley, Joseph F. | ||
| 245 |
_a700 solved problems in vector mechanics for engineers : _bdynamics / |
||
| 260 |
_aNew Delhi, _bTata McGraw-Hill, _cc2005. |
||
| 300 |
_axii, 720 p. ; _bill. ; |
||
| 400 | _av.2 | ||
| 942 |
_2ddc _cCIVIL |
||
| 999 |
_c3858 _d3858 |
||